Biblioteca de autores españoles : desde la formación del lenguaje hasta nuestros días : indices generales : tomo LXXI /

Gespeichert in:
Bibliographische Detailangaben
1. Verfasser: Rosell y Torres, Isidoro (autor)
Format: Buch
Sprache:Spanisch
Veröffentlicht: Madrid, España : Atlas, 1953, c1953
Tags: Tag hinzufügen
Keine Tags, Fügen Sie das erste Tag hinzu!

MARC

LEADER 00000nam^a2200000^a^4500
001 000615685
005 20250612000000.0
009 20260310133706.371
025 |a Donación Robles Martínez, 1 ejemplar 
037 |a Acervo ITESO - Biblioteca 
041 |a ESP 
091 |a FRM. 00432 
100 |a Rosell y Torres, Isidoro  |e (autor) 
245 1 0 |a Biblioteca de autores españoles :  |b desde la formación del lenguaje hasta nuestros días : indices generales : tomo LXXI / 
264 4 |a Madrid, España :  |b Atlas,  |c 1953, c1953 
300 |a XXVIII, 349 p. 
336 |a texto  |b txt  |2 rdacontenido 
337 |a sin mediación  |b n  |2 rdamedio 
338 |a volumen  |b nc  |2 rdasoporte 
649 |a XX 
910 |a Fondo Robles Martínez 
920 |a Impresos - Libros 
930 |a Fondos Especiales 
905 |a 123 
901 |a 616166-10  |b IT2  |c ESP  |i D  |u 20250612 
902 |a https://opac.biblio.iteso.mx/vufind/Record/000615685